| 000 | 01082nam a2200253Ia 4500 | ||
|---|---|---|---|
| 003 | OSt | ||
| 005 | 20220923212706.0 | ||
| 006 | a|||||r|||| 00| 0 | ||
| 007 | ta | ||
| 008 | 220922b |||||||| |||| 00| 0 san d | ||
| 024 | _a155,338 | ||
| 037 | _cTextual | ||
| 040 |
_aARTS _cARTS _bsan |
||
| 041 |
_2san _asan |
||
| 082 | _aO15,2D98:g, 152K3 | ||
| 100 |
_aद्विवेदी, हजारी प्रसाद; द्विवेदी, पृथ्वीनाथ _9162689 |
||
| 245 | 0 | _aनाट्यशास्त्र की भारतीय परम्परा और दशरूपक | |
| 246 | _aNāṭyashāstra kī bhāratīya paramparā aur dasharūpaka | ||
| 260 |
_aदिल्ली _b राजकमल प्रकाशन _c1963 |
||
| 300 |
_a365 पृ0 _ccm. |
||
| 650 |
_aहिन्दी साहित्य _9156264 |
||
| 942 |
_hO15,2D98:g, 152K3 _cTEXL _2CC |
||
| 999 |
_c310879 _d310879 |
||